000 00422nam a22001097a 4500
008 130820b xxu||||| |||| 00| 0 eng d
010 _aCAE APPLF-74b
245 _aCourt of Appeal Election Application No.08 of 2012 KASIBANTE MOSES VS KATONGOLE SINGH MARWAHA P
260 _aCourt of Appeal Kampala
500 _3CORAM: Byamugisha, Kavuma, & Kasule
500 _3Application arising out of Election Petition Appeal No.46 of 2011
999 _c5509
_d5509